Published by ; (Record no. 22351)

000 -LEADER
fixed length control field 00321cam a2200109I 4500
040 ## - CATALOGING SOURCE
Transcribing agency FUG
082 ## - DEWEY DECIMAL CLASSIFICATION NUMBER
Classification number EDI PUB 1996 C096 Or.
110 1# - MAIN ENTRY--CORPORATE NAME
Corporate name or jurisdiction name as entry element Great Britain.
245 10 - TITLE STATEMENT
Title Published by ;
Remainder of title Conferece Secretarat of the Global Agricural Science poliy for the Twenty-first Century.
300 ## - PHYSICAL DESCRIPTION
Number of Pages 58 pages ;
Dimensions 22 cm
942 ## - ADDED ENTRY ELEMENTS (KOHA)
Koha item type ADB

No items available.

មជ្ឈមណ្ឌលឯការនៃសាកលវិទ្យាល័យភូមិន្ទកសិកម្មចំការដូង

Powered by Koha